| 000 | 00489nam a2200169Ia 4500 | ||
|---|---|---|---|
| 008 | 230718s9999 xx 000 0 und d | ||
| 020 | _a9798179926139 | ||
| 041 | _aeng | ||
| 082 |
_a004.6 _bARB |
||
| 100 |
_aArbib M.A. (Editor) _9145196 |
||
| 245 | _aHandbook Of Brain Theory And Neural Networks | ||
| 260 |
_c2006 _bJaico Publishing House |
||
| 300 |
_a1118 _dRef 419 I (26708) |
||
| 365 |
_cRs. _b3995.00 |
||
| 700 |
_aArbib M.A. (Editor) _9145196 |
||
| 906 |
_d2135/15.11.06 _cIT _b799 |
||
| 999 |
_c315501 _d315501 |
||